000 00502nam a2200169Ia 4500
003 IN-BaIIA
008 211028s9999 xx 000 0 eng d
040 _cIIA Library
110 _aInternational Astronomical Union
245 0 _aApparent places of fundamental stars 1985
_cInternational Astronomical Union
260 _aHeidenburg
_bAstronomisches Rechen-Institut
_c1984
300 _axlvi, 510p.
650 _aNASA Thesaurus
650 _astars
650 _aStars-fundamental
_913843
942 _cBK
999 _c8253
_d8253